THE MILITARY AND POLITICS IN PAKISTAN 1947-86 (Record no. 580211)
[ view plain ]
| 000 -LEADER | |
|---|---|
| fixed length control field | 00276nam a22001097a 4500 |
| 082 ## - DEWEY DECIMAL CLASSIFICATION NUMBER | |
| Classification number | 355.95491 RIZ'M |
| 100 ## - MAIN ENTRY--PERSONAL NAME | |
| Personal name | RIZVI, HASAN ASKARI |
| 9 (RLIN) | 74711 |
| 245 ## - TITLE STATEMENT | |
| Title | THE MILITARY AND POLITICS IN PAKISTAN 1947-86 |
| 260 ## - PUBLICATION, DISTRIBUTION, ETC. | |
| Place of publication, distribution, etc. | LAHORE |
| Name of publisher, distributor, etc. | PROGRESSIVE |
| Date of publication, distribution, etc. | 1986 |
| 300 ## - PHYSICAL DESCRIPTION | |
| Extent | 339P |
| 942 ## - ADDED ENTRY ELEMENTS (KOHA) | |
| Koha item type | Book |
| Withdrawn status | Lost status | Damaged status | Not for loan | Permanent Location | Current Location | Shelving location | Date acquired | Total Checkouts | Full call number | Barcode | Date last seen | Price effective from | Koha item type |
|---|---|---|---|---|---|---|---|---|---|---|---|---|---|
| College of Electrical & Mechanical Engineering (CEME) | College of Electrical & Mechanical Engineering (CEME) | General Stacks | 02/20/2017 | 355.95491 RIZ'M | CEME-19270 | 06/28/2021 | 06/28/2021 | Book |
